<?xml version="1.0" encoding="UTF-8"?><?xml-stylesheet type="text/xsl" href="static/style.xsl"?><OAI-PMH xmlns="http://www.openarchives.org/OAI/2.0/" xmlns:xsi="http://www.w3.org/2001/XMLSchema-instance" xsi:schemaLocation="http://www.openarchives.org/OAI/2.0/ http://www.openarchives.org/OAI/2.0/OAI-PMH.xsd"><responseDate>2026-06-05T14:21:13Z</responseDate><request verb="GetRecord" identifier="oai:riuma.uma.es:10630/35061" metadataPrefix="marc">https://riuma.uma.es/rest/oai/request</request><GetRecord><record><header><identifier>oai:riuma.uma.es:10630/35061</identifier><datestamp>2026-02-03T11:20:55Z</datestamp><setSpec>com_10630_2254</setSpec><setSpec>col_10630_37953</setSpec></header><metadata><record xmlns="http://www.loc.gov/MARC21/slim" xmlns:dcterms="http://purl.org/dc/terms/" xmlns:doc="http://www.lyncode.com/xoai" xmlns:xsi="http://www.w3.org/2001/XMLSchema-instance" xsi:schemaLocation="http://www.loc.gov/MARC21/slim http://www.loc.gov/standards/marcxml/schema/MARC21slim.xsd">
   <leader>00925njm 22002777a 4500</leader>
   <datafield ind2=" " ind1=" " tag="042">
      <subfield code="a">dc</subfield>
   </datafield>
   <datafield ind2=" " ind1=" " tag="720">
      <subfield code="a">Casado-Molina, Ana María</subfield>
      <subfield code="e">author</subfield>
   </datafield>
   <datafield ind2=" " ind1=" " tag="720">
      <subfield code="a">Rojas-de-Gracia, María Mercedes</subfield>
      <subfield code="e">author</subfield>
   </datafield>
   <datafield ind2=" " ind1=" " tag="720">
      <subfield code="a">Alarcón-Urbistondo, María del Pilar</subfield>
      <subfield code="e">author</subfield>
   </datafield>
   <datafield ind2=" " ind1=" " tag="720">
      <subfield code="a">Romero Charneco, María</subfield>
      <subfield code="e">author</subfield>
   </datafield>
   <datafield ind2=" " ind1=" " tag="260">
      <subfield code="c">2022</subfield>
   </datafield>
   <datafield ind2=" " ind1=" " tag="520">
      <subfield code="a">This study shows that emojis are a significant element in brand communications, which still requires attention from researchers. Specifically, it describes the use of emojis by the four companies with the largest audiences on Twitter in the Spanish beer industry. Through a correspondence analysis, we found that those emojis were not a mere occasional resource within a message but rather a differentiating element for brand positioning. Likewise, we analyzed the existing relationship between the way in which they were used and the engagement generated. In this regard, we concluded that communications using emojis aimed at customer service and care, as well as those used in positive contexts and for emphasis, were the ones related to higher user engagement. We discuss herein the practical implications of these findings for businesses.&#xd;
&#xd;
Este estudio muestra que los emojis son un elemento significativo en la comunicación de marca que aún requiere la atención de los investigadores. En concreto, se describe el uso de emojis por parte de las cuatro empresas con mayor audiencia en Twitter en el sector cervecero español. A través de un análisis de correspondencias, se encontró que dichos emojis no eran un mero recurso ocasional dentro de un mensaje sino un elemento diferenciador para el posicionamiento de marca. Asimismo, se analizó la relación existente entre la forma en que se utilizaban y el engagement generado. En este sentido, se concluyó que las comunicaciones con emojis orientadas a la atención y servicio al cliente, así como las utilizadas en contextos positivos y de énfasis, eran las relacionadas con un mayor engagement de los usuarios. Inspirados en estos resultados se discuten las implicaciones prácticas para las empresas.</subfield>
   </datafield>
   <datafield ind1="8" ind2=" " tag="024">
      <subfield code="a">Casado-Molina, A. M., Rojas-de Gracia, M. M., Alarcón-Urbistondo, P., &amp; Romero-Charneco, M. (2022). Exploring the Opportunities of the Emojis in Brand Communication: The Case of the Beer Industry. International Journal of Business Communication, 59(3), 315-333.</subfield>
   </datafield>
   <datafield ind1="8" ind2=" " tag="024">
      <subfield code="a">https://hdl.handle.net/10630/35061</subfield>
   </datafield>
   <datafield ind1="8" ind2=" " tag="024">
      <subfield code="a">10.1177/2329488419832964</subfield>
   </datafield>
   <datafield tag="653" ind2=" " ind1=" ">
      <subfield code="a">Medios de comunicación social</subfield>
   </datafield>
   <datafield tag="653" ind2=" " ind1=" ">
      <subfield code="a">Marketing en Internet</subfield>
   </datafield>
   <datafield ind2="0" ind1="0" tag="245">
      <subfield code="a">Exploring the opportunities of the emojis in brand communication: The case of the beer industry</subfield>
   </datafield>
</record>
</metadata></record></GetRecord></OAI-PMH>